The Fireside book of baseball /

Bibliographic Details
Other Authors: Einstein, Charles
Format: Book
Language:English
Published: New York : Simon & Schuster, [1987]
Edition:4th ed.
Subjects:

MARC

Tag First Indicator Second Indicator Subfields
LEADER 00000cam a2200000 a 4500
001 in00000020859
005 20151007055512.0
008 870526s1987 nyua 00100 eng
010 |a  87014943  
020 |a 0671638122 (pbk.) :  |c $10.95 
035 |a (OCoLC)16005017 
035 |9 AAB8427AM 
040 |a DLC  |c DLC  |d TXA  |d UtOrBLW 
049 |a TXAM  |c [A11032075] 
050 0 0 |a GV867  |b .F49 1987 
082 0 |a 796.357  |2 19 
245 0 4 |a The Fireside book of baseball /  |c edited by Charles Einstein ; with an introduction by Reggie Jackson. 
250 |a 4th ed. 
264 1 |a New York :  |b Simon & Schuster,  |c [1987] 
264 4 |c ©1987 
300 |a xi, 444 pages :  |b illustrations ;  |c 24 cm. 
336 |a text  |b txt  |2 rdacontent 
337 |a unmediated  |b n  |2 rdamedia 
338 |a volume  |b nc  |2 rdacarrier 
500 |a "A Fireside book." 
500 |a Includes index. 
650 0 |a Baseball  |v Miscellanea. 
700 1 |a Einstein, Charles. 
999 |a MARS 
999 f f |s aa700b35-09e3-33e0-a878-31c94ded8270  |i 2df239ed-8225-3c5c-bef4-4452a65e028c  |t 0 
952 f f |p ric  |a Texas A&M University  |b Rellis Campus  |c Joint Library Facility  |d Remote Storage  |t 0  |e GV867 .F49 1987  |h Library of Congress classification  |i unmediated -- volume  |m A14811032075 
998 f f |a GV867 .F49 1987  |t 0  |l Remote Storage